Children solve problems

Αποθηκεύτηκε σε:
Λεπτομέρειες βιβλιογραφικής εγγραφής
Κύριος συγγραφέας: De Bono, Edward 1933-
Μορφή: Βιβλίο
Γλώσσα:English
Δημοσίευση: Harmondsworth, England : Penguin, 1972
Θέματα:
Ετικέτες: Προσθήκη ετικέτας
Δεν υπάρχουν, Καταχωρήστε ετικέτα πρώτοι!

MARC

LEADER 00000nam a2200000 i 4500
001 1/84383
008 960627s1972 eng d
020 |a 0-14-022248-0 
035 |a 1987  |c Αγορά  |l 10034428 
040 |a GR-MY-UA  |b gre  |e aacr 
041 0 |a eng 
082 0 |a 155.413 
100 1 |a De Bono, Edward  |d 1933- 
245 1 0 |a Children solve problems /  |c Edward de bono 
260 |a Harmondsworth, England :   |b Penguin,   |c 1972 
300 |a 227 p. 
650 0 0 |a Problem solving in children. 
650 0 0 |a Cognition in children. 
650 0 0 |a Creative thinking. 
852 |a INST  |b RHODES  |e 19960627  |h 155.413 DEB  |p 005400004827  |q 005400004827  |t BK  |y 0 
909 |a Ρ  |b 006065  |c 1987